Un filósofo en un país, un país en un filósofo: Constantino Láscaris y Costa Rica /
Es un extracto biográfico sobre Costantino Láscarís Comneno y su aporte en la organización de los estudios filosóficos y humanísticos de la Universidad de Costa Rica.Láscaris enseñó, tradujo y comentó textos clásicos, además participó en la fundación de numerosas instituciones, asociaciones e instan...
Guardat en:
| Autor principal: | |
|---|---|
| Format: | Text |
| Matèries: | |
| Etiquetes: |
Afegir etiqueta
Sense etiquetes, Sigues el primer a etiquetar aquest registre!
|
MARC
| LEADER | 00000 a a2200000 04500 | ||
|---|---|---|---|
| 001 | 46679 | ||
| 003 | |||
| 040 | |||
| 100 | |a Jiménez Matarrita, Alexander | ||
| 245 | |a Un filósofo en un país, un país en un filósofo: |b Constantino Láscaris y Costa Rica / |c Alexander Jiménez Matarrita | ||
| 520 | 4 | |a Es un extracto biográfico sobre Costantino Láscarís Comneno y su aporte en la organización de los estudios filosóficos y humanísticos de la Universidad de Costa Rica.Láscaris enseñó, tradujo y comentó textos clásicos, además participó en la fundación de numerosas instituciones, asociaciones e instancias de investigación y edición. Su labor docente fue intensa, durante 23 años impartió cursos de filosofía y estuvo inmerso en la vida pública costarricense siendo uno de sus referentes y estudiosos más significativos en la segunda mitad del siglo XX. | |
| 590 | |a MBA/SETIEMBRE2014 | ||
| 650 | |a LASCARIS COMNENO, CONSTANTINO | ||
| 650 | |a BIOGRAFIAS | ||
| 650 | |a FILOSOFIA | ||
| 650 | |a UNIVERSIDAD DE COSTA RICA | ||
| 773 | |g páginas 51-56 | ||
| 999 | |c 23436 |d 23436 | ||
